000 00536nam a2200181Ia 4500
005 20250326141518.0
008 250326s9999 xx 000 0 und d
037 _aTextbook
040 _aFMSL
_beng
_cFMSL
041 _aeng
_2eng
084 _aX:8 N0
_qFMSL
100 _aFraser Gardon
_9744617
245 0 _aDecision Accounting : Using accounting for management decision making
_cFraser Gardon
260 _aOxford
_bOxford, Basil Blackwell
_c1990
300 _a218p
942 _cTB
_hX:8 N0
999 _c1290649
_d1290649